000 00635nam a2200241Ia 4500
003 OSt
005 20220925220452.0
006 a|||||r|||| 00| 0
007 ta
008 220923b |||||||| |||| 00| 0 eng d
020 _a0 333 26832 6
037 _cGeneral Book
040 _aRTL
_cRTL
_beng
041 _2eng
_aeng
082 _aX:3L.3.N7, M1
100 _aTribe Keith
_9113118
245 0 _aGenealogies of capitalism
260 _aLondon
_bMacmillan
_c1981
300 _axvi, 175p
_ccm.
650 _awages
_9229845
942 _hX:3L.3.N7, M1
_cGB
_2CC
999 _c571569
_d571569